|
|
|
|
| LEADER |
00831pam a22002298a 4500 |
| 001 |
00000405 |
| 005 |
20171026081022.0 |
| 008 |
110321s1980 ||||||viesd |
| 041 |
0 |
# |
|a vie
|
| 082 |
1 |
4 |
|a 306.2
|b NH556Q
|
| 100 |
0 |
# |
|a K.ULEĐÔP
|
| 245 |
0 |
0 |
|a Những quy luật xã hội học
|c K.ULEĐÔP; Trần Huy Học; Hoàng Đức Tảo;...(những người khác) dịch
|
| 260 |
# |
# |
|a H.
|b khoa học xã hội
|c 1980
|
| 300 |
# |
# |
|a 395 tr.
|c 19 cm.
|
| 650 |
# |
4 |
|a Xã hội học chính trị
|
| 653 |
# |
# |
|a Chính trị
|a Xã hội học
|
| 700 |
0 |
# |
|a Hoàng Đức Tảo
|e Dịch
|
| 700 |
0 |
# |
|a Trần Huy Học
|e Dịch
|
| 852 |
# |
# |
|b Kho đọc
|j KD.0000247
|
| 852 |
# |
# |
|j KD.0000247
|
| 910 |
|
|
|d 21/03/2011
|
| 980 |
# |
# |
|a Trung tâm Học liệu Lê Vũ Hùng, Trường Đại học Đồng Tháp
|